| 000 | 00734nam a2200205 i 4500 | ||
|---|---|---|---|
| 001 | 19683 | ||
| 003 | ES-MaACL | ||
| 005 | 20230906152139.0 | ||
| 007 | t| | ||
| 008 | 021008s1973 sp f |||| | spa d | ||
| 100 | 1 |
_aAbin, César, _d1892-1974 _918099 |
|
| 245 | 1 | 0 |
_aRetratos de artistas, críticos de arte y marchands / _cCésar Abin ; prólogo de Manuel Pereda de la Reguera. |
| 260 |
_a[Santander] : _bInstitución Cultural de Cantabria, _c[1973] |
||
| 300 |
_aXXIV p., 55 lám. ; _c24 cm. |
||
| 650 | 4 |
_aArtistas- _vCaricaturas y dibujos humorísticos. _9169901 |
|
| 700 | 1 |
_aPereda de la Reguera, Manuel. _990454 |
|
| 710 | 2 |
_aInstitución Cultural de Cantabria. _94712 |
|
| 852 |
_aES-MaACL _jC-55940 |
||
| 999 |
_c19683 _d19683 |
||